000
00309 a2200157 4500
001
47153
020
_a
9788566642421
040
_c
Anchieta - Aquarius
100
_a
Santini, Bertrand
240
1
0
_a
=O yark
_l
por
245
1
0
_a
=O yark
300
_a
78
362
0
_a
2015
650
4
_a
Romance
942
_c
BK
999
_c
47153
_d
47153